| 000 | 00730nam a2200205Ii 4500 | ||
|---|---|---|---|
| 003 | JO-AjNU | ||
| 008 | 230605s9999||||xx |||||||||||||| ||und|| | ||
| 017 | _a1986/3/129 | ||
| 040 |
_aJO-AjNU _bara _erda _cJO-AjNU |
||
| 041 | _aara | ||
| 050 | 1 | 4 | _aHM263 .R3546 1986 |
| 100 | 3 |
_aتاليف رمضان، زياد, _eauthor _945455 |
|
| 245 | 0 | 0 | _aالعلاقات العامة في منشآت القطاع الخاص (مفاهيم وواقع) |
| 264 | 3 | 1 | _aعمان: المؤلف، 1986 |
| 300 |
_a120ص _bيحتوي على ببلوغرافية من 117-120ص |
||
| 336 |
_atext _btxt _2rdacontent |
||
| 337 |
_aunmediated _bn _2rdamedia |
||
| 338 |
_avolume _bnc _2rdacarrier |
||
| 650 | 4 |
_aالعلاقات العامة _945456 |
|
| 999 |
_aA19706 _c23274 _d23274 |
||